PHARMACY LAW AND ETHICS (Record no. 1220450)

MARC details
000 -LEADER
fixed length control field 00381nam a2200145Ia 4500
008 - FIXED-LENGTH DATA ELEMENTS--GENERAL INFORMATION
fixed length control field 260417s2024 xx 000 0 und d
041 ## - LANGUAGE CODE
Language code of text/sound track or separate title eng
082 ## - DEWEY DECIMAL CLASSIFICATION NUMBER
Classification number 844.104416/KUC
Item number DI-1139
100 ## - MAIN ENTRY--PERSONAL NAME
Personal name PROF. B.S.KUCHEKAR
245 ## - TITLE STATEMENT
Title PHARMACY LAW AND ETHICS
250 ## - EDITION STATEMENT
Edition statement 3RD ed
260 ## - PUBLICATION, DISTRIBUTION, ETC.
Place of publication, distribution, etc. PUNE
Name of publisher, distributor, etc. 2024
-- NIRALI PRAKASHAN
300 ## - PHYSICAL DESCRIPTION
Extent P.B/21.5p
650 ## - SUBJECT ADDED ENTRY--TOPICAL TERM
Topical term or geographic name entry element PHARMACY ETHICS AND LAW
Holdings
Withdrawn status Lost status Damaged status Not for loan Home library Current library Date acquired Cost, normal purchase price Total Checkouts Full call number Barcode Date last seen Price effective from Koha item type
        College of Pharmacy, Kolhapur College of Pharmacy, Kolhapur 21/03/2024 375.00   DI-1139/844.104416/KUC PCK-DI-1139 17/04/2026 17/04/2026 Book